000 00570nam a2200205 a 4500
001 19074
003 CO-ViMGA
008 141112s2004 ck r 000 u spa d
020 _a9701501950
040 _aCO-ViMGA
_bspa
_cCO-ViMGA
082 0 4 _a621.436 P687m
100 1 _aPourbaix, J.
_927362
245 1 0 _aMotores Diesel
260 _aBarcelona :
_bAlfaomega; 1996
300 _a236 p.
590 _aForma de adquisición : Proyecto 2005 - - Precio :
_28.800
650 1 4 _aMOTORES DE COMBUSTION INTERNA
_951783
650 1 4 _aMOTORES DIESEL
_927363
942 _2ddc
_cBK
999 _c28260
_d28260